Văn xuôi Nam bộ nửa đầu thế kỷ 20

Guardat en:
Dades bibliogràfiques
Format: Llibre
Idioma:Undetermined
Publicat: Thành phố Hồ Chí Minh Nhà xuất bản Văn Nghệ 1999
Matèries:
Etiquetes: Afegir etiqueta
Sense etiquetes, Sigues el primer a etiquetar aquest registre!
Thư viện lưu trữ: Trung tâm Học liệu Trường Đại học Cần Thơ
LEADER 00673nam a2200217Ia 4500
001 CTU_42489
008 210402s9999 xx 000 0 und d
020 |b 80.000đ 
020 |c 80000 
082 |a 895.9223008 
082 |b V115/T.1 
245 0 |a Văn xuôi Nam bộ nửa đầu thế kỷ 20 
245 0 |c Nguyễn Trọng Quản ... [et al.] 
260 |a Thành phố Hồ Chí Minh 
260 |b Nhà xuất bản Văn Nghệ 
260 |c 1999 
650 |a Vietnamese literature 
650 |x Collections 
650 |y 20th century 
904 |i Minh, Q.Hiếu (sửa) 
980 |a Trung tâm Học liệu Trường Đại học Cần Thơ